000 00592nam a22001931cc4500
001 a987687947+Tom3
035 _aa987687947
008 991231s1989 gw |||| 000u rus d
020 _a5206000833
_95-206-00083-3
041 _arus
245 0 0 _aPervyj S"ezd Narodnych Deputatov SSSR
_nTom 3
264 _aMoskva :
_bizd. Verchovnogo Soveta SSSR,
_c1989
300 _a447 S.
246 1 2 _aPervyj S"ezd Narodnych Deputatov SSSR : 25 maja - 9 ijunja 1989 g. ; stenografičeskij otčet
_nTom 3
773 0 8 _wa987687947
_qTom3
942 _cMG
040 _cRU-10907106
003 RU-10907106
999 _c27470
_d27470